Представление документа в формате MARC21

Поле Инд. ПП Название Значение
Тип записи a
Библиографический уровень a
001 Контрольный номер RU/IS/BASE/431176055
005 Дата корректировки 20180409143412.1
020 a ISBN 978-5-7609-0560-4
040 a Служба первич. каталог. НБ ТвГУ
b Код языка каталог. rus
e Правила каталог. PSBO
041 0_ a Код языка текста rus
245 10 a Заглавие Исследование процессов образования ультрадисперсных оксидов урана из нитратных соединений уранила при взаимодействии сдвоенными лазерными импульсами
260 a Место издания Тверь
b Издательство Тверской государственный университет
c Дата издания 2011
504 a Библиография Библиогр.: с. 56
520 0_ a Аннотация Спектроскопические исследования приповерхностной лазерной плазмы, образуемой вблизи поверхности пористого тела, содержащего микро количества уранилнитрата с органическими лигандами, при взаимодействии на него последовательных сдвоенных мощных лазерных импульсов показали возможность формирования определенного ионного, атомного и молекулярного состава плазмы и форм оксидов урана в ней, используя органические лиганды с различным количеством метильных групп в них.
653 0_ a Ключевые слова Оксиды урана
653 1_ a Ключевые слова Уранилнитрат
653 1_ a Ключевые слова Пористые тела
653 1_ a Ключевые слова Органические лиганды
653 1_ a Ключевые слова Атомный спектральный анализ
653 1_ a Ключевые слова Плазма
700 1_ a Другие авторы Зажогин, Анатолий Павлович
q Полное имя Зажогин, А. П.
700 1_ a Другие авторы Умрейко, Дмитрий Степанович
q Полное имя Умрейко, Д. С.
700 1_ a Другие авторы Комяк, Анатолий Иванович
q Полное имя Комяк, А. И.
700 1_ a Другие авторы Зажогин, Александр Анатольевич
q Полное имя Зажогин, А. А.
773 08 w Контрольный № источника RU/IS/BASE/392298609
t Название источника Физико-химические аспекты изучения кластеров, наноструктур и наноматериалов
d Место и дата издания Тверь : Тверской государственный университет, 2011
g Прочая информация Вып. 3. - С. 51-56
856 40 u URL http://texts.lib.tversu.ru/texts/11497t.pdf
x Примечание для ЭОР Справка УИС 2016
i Дата подключения ЭОР 20170412
x Примечание для ЭОР Реестр суммарного учета сетевых локальных документов
900 a Имя макрообъекта 11497t
901 t Тип документа a
920 a Оператор Корж